ბათუმის შოთა რუსთაველის სახელმწიფო უნივერსიტეტის ბიბლიოთეკა

უფლისციხესთან მიმეჩქარება (ბიბ.ჩანაწერი № 43041)

000 -LEADER
fixed length control field 00901nam a2200253Ia 4500
001 - CONTROL NUMBER
control field 9761
003 - CONTROL NUMBER IDENTIFIER
control field GE_BSU
008 - FIXED-LENGTH DATA ELEMENTS--GENERAL INFORMATION
fixed length control field 181216s||||||||xx |||||||||||||| ||und||
020 ## - INTERNATIONAL STANDARD BOOK NUMBER
International Standard Book Number 9992843926
040 ## - CATALOGING SOURCE
Transcribing agency GE_BSU
080 ## - UNIVERSAL DECIMAL CLASSIFICATION NUMBER
Universal Decimal Classification number 821.353.1–1+821.353.1-4
100 ## - MAIN ENTRY--PERSONAL NAME
Personal name თურმანიძე,თემურ
245 ## - TITLE STATEMENT
Title უფლისციხესთან მიმეჩქარება
245 ## - TITLE STATEMENT
Remainder of title ლექსები,ესეები
245 ## - TITLE STATEMENT
Statement of responsibility, etc. რედ.ჯემალ ხოფერია.მხატვ.ჯემალ მიქელაძე
260 ## - PUBLICATION, DISTRIBUTION, ETC.
Place of publication, distribution, etc. ბათუმი
260 ## - PUBLICATION, DISTRIBUTION, ETC.
Name of publisher, distributor, etc. ალიონი
260 ## - PUBLICATION, DISTRIBUTION, ETC.
Date of publication, distribution, etc. 2005
300 ## - PHYSICAL DESCRIPTION
Extent 184გვ.პორტრ.20სმ.
653 ## - INDEX TERM--UNCONTROLLED
Uncontrolled term ლექსები,ესეები
653 ## - INDEX TERM--UNCONTROLLED
Uncontrolled term უფლისციხესთან მიმეჩქარება
942 ## - ADDED ENTRY ELEMENTS (KOHA)
Koha item type წიგნი
ეგზემპლარები
Withdrawn status Lost status Damaged status Not for loan Date acquired Barcode Date last seen Price effective from Koha item type
        2018-12-17 32918 2018-12-17 2018-12-17 წიგნი